000 01231nam a2200397 a 4500
003 AR-BaBNM
005 20251128204905.0
008 082120s2002 ||||||||||||||000 | spa||
020 _a84-7112-125-5
040 _cAR-BaBNM
100 1 _aBennett, Neville
245 0 0 _aEstilos de enseñanza y progreso de los alumnos
260 _aMadrid
_bEdiciones Morata
_c1979
300 _a247 p.
_btablas, gráfs.
490 0 _aPedagogía. La pedagogía hoy
500 _aApéndices: p. 202-229
500 _aIndice de autores: p. 241-247
504 _aBibliografía general: p. 231-239
650 4 _aESCUELAS PRIMARIAS
650 4 _aCOMPORTAMIENTO DEL ALUMNO
650 4 _aRENDIMIENTO DEL ALUMNO
650 4 _aCONDUCTA DEL GRUPO
651 4 _aEspaña
653 _aPROCESO DE ENSEÑANZA-APRENDIZAJE
653 _aEDUCACION PRIMARIA
653 _aINVESTIGACION EDUCATIVA
653 _aESTRATEGIAS DIDACTICAS
700 1 _aJordan, Joyce
_ecolaborador
700 1 _aLong, George
_ecolaborador
700 1 _aWade, Bárbara
_ecolaborador
700 1 _aEntwistle, Noel
_eprologuista
700 1 _aEzcurra Rolin, Fausto
_etraductor
700 1 _aSoler Fierrez, Eduardo
_eprologuista
942 _cBK
998 _cGrace
999 _c9216
_d9216